000 01070cam a22002895a 4500
001 15781860
005 20150707132200.0
008 090618t2010 mdua fsf 000 0 eng d
020 _a9780781798143
020 _a0781798140
040 _aDNLM/DLC
_cDLC
_beng
_dEG-ScBUE
082 0 4 _a615.19
_bKAI
_222
100 1 _aKaiser, Cristina.
_938218
245 1 4 _aThe pharmacy technician's reference guide /
_cCristina Kaiser.
250 _a1st ed.
260 _aBaltimore ;
_aPhiladelphia :
_bWolters Kluwer / Lippincott Williams & Wilkins,
_cc.2010.
300 _ax, 86 p. :
_btables ;
_c13 cm.
500 _aIndex : p. 79-86.
650 0 _aPharmacy technicians
_vHandbooks, manuals, etc.
_2BUEsh
650 1 2 _aPharmaceutical Preparations
_vHandbooks, manuals, etc.
_2BUEsh
650 2 2 _aPharmaceutical Preparations
_xadministration & dosage
_vHandbooks, manuals, etc.
_2BUEsh
_927237
650 2 2 _aTechnology, Pharmaceutical
_vHandbooks, manuals, etc.
_2BUEsh
651 _2BUEsh
653 _bPPhrm
_cJuly2015
655 _vreading book
_934232
942 _2ddc
_k615.19 KAI
999 _c20216
_d20188